Production and operations management

Na minha lista:
Detalhes bibliográficos
Autor principal: Mayer, Raymond R.
Formato: Livro
Idioma:inglês
Publicado em: New York MacGraw-Hill Book Company 1975
Edição:3. ed
Tags: Adicionar Tag
Sem tags, seja o primeiro a adicionar uma tag!

MARC

LEADER 00000nam a2200000 4500
001 c109420
005 20050228093654.0
041 0 |a eng 
044 |a US 
245 1 0 |a Production and operations management  |c Raymond R. Mayer 
250 |a 3. ed 
264 1 |a New York  |b MacGraw-Hill Book Company  |c 1975 
300 |a 658 s. 
100 1 |a Mayer, Raymond R.